|
|
|
|
| LEADER |
00000cam a2200000 a 4500 |
| 001 |
vtls001220411 |
| 003 |
SK-MaSNL |
| 005 |
20260301194839.0 |
| 008 |
960412s1994 xo a br 00000 slo |
| 015 |
|
|
|a SNBA1994
|
| 020 |
|
|
|a 8096700332
|q (brožované)
|
| 035 |
|
|
|a SNK000165151
|
| 040 |
|
|
|a SNK
|b slo
|c SNK
|e AACR2
|
| 041 |
0 |
|
|a slo
|
| 044 |
|
|
|a xo
|c SK
|
| 072 |
|
7 |
|a 821.162.4-1
|x Slovenská poézia
|2 konspekt
|
| 080 |
|
|
|a 821.162.4-1
|2 2011
|
| 080 |
|
|
|a 82-93-053.2
|2 2011
|
| 080 |
|
|
|a 82-1-053.2
|2 2011
|
| 080 |
|
|
|a (084-053.2)
|2 2011
|
| 100 |
1 |
|
|a Ivanová, Anna,
|d 1899-1961
|4 aut
|9 109045
|
| 245 |
1 |
0 |
|a Ježiško v prírode
|b veršovaná omalovávanka pre deti
|c napísala: Anna Ivanová ; ilustrovala: Alžbeta Pokorná
|
| 260 |
|
|
|a Bratislava
|b Sova
|c 1994
|
| 300 |
|
|
|a 22 strán
|b ilustrácie
|c 15 cm
|
| 490 |
1 |
|
|a Sova
|
| 655 |
|
7 |
|a slovenská poézia
|2 SNKPH
|9 70444
|
| 655 |
|
7 |
|a publikácie pre deti
|2 SNKPH
|9 70148
|
| 655 |
|
7 |
|a maľovanky
|2 SNKPH
|9 70662
|
| 655 |
|
7 |
|a poézia pre deti
|2 SNKPH
|9 86748
|
| 700 |
1 |
|
|a Pokorná, Alžbeta,
|d 1885-1962
|4 ill
|9 197875
|
| 830 |
|
0 |
|a Sova
|9 576013
|
| 919 |
|
|
|a 80-967003-3-2
|
| 958 |
|
|
|a TL
|
| 958 |
|
|
|a DB
|
| 958 |
|
|
|a OND
|
| 999 |
|
|
|c 883308
|d 885238
|
| 952 |
|
|
|t P60, <09>, [BOOK], {629}
|a SNK
|b SNK
|y NEVYP
|7 0
|o snkE 145
|i snk3194/960917
|0 0
|1 0
|4 0
|d 1996-09-16
|l 0
|r 2005-01-01 00:00:00
|w 2026-02-24
|